| 000 | 00791cam a22002414a 4500 | ||
|---|---|---|---|
| 001 | 742285 | ||
| 005 | 20240208055828.0 | ||
| 008 | 990616s1999 ii b b 001 0 eng | ||
| 020 | _a0761993428 (hb) | ||
| 020 | _a0761993436 (pbk.) | ||
| 040 |
_aDLC _cDLC _dDLC |
||
| 082 | 0 | 0 |
_a306.83 _221 _bSAR. |
| 100 | 1 | _aSaradamoni, K. | |
| 245 | 1 | 0 |
_aMatriliny transformed : _bfamily, law, and ideology in twentieth century Travancore / _cK. Saradamoni. |
| 260 |
_aNew Delhi : _bSage ; _aWalnut Creek, CA : _bAltaMira Press, _c1999. |
||
| 300 | _a176 p. : | ||
| 650 | 0 | _aMatrilineal kinship | |
| 650 | 0 | _aWomen | |
| 650 | 0 | _aFamilies | |
| 856 | 4 | 2 | _uhttp://www.loc.gov/catdir/enhancements/fy0657/99036548-d.html |
| 856 | 4 | 1 | _uhttp://www.loc.gov/catdir/enhancements/fy0657/99036548-t.html |
| 942 | _cL | ||
| 999 |
_c350 _d350 |
||